000 00663nam a2200289Ia 4500
005 20260324141500.0
008 008 260324s9999 xx 000 0 eng d
020 _a9780429215216
037 _aEBOOK
040 _aCRL
040 _beng
040 _cCRL
041 _2eng
041 _aeng
084 _qCRL
100 _aSteve Adams
_91203908
245 0 _aRelativity
245 3 _bAn Introduction to Spacetime Physics
260 _bTaylor and Francis
260 _c1997
365 _a
365 _b260
856 _uhttp://www.taylorfrancis.com/books/9780429215216
942 _cEBOOK
999 _c1811495
_d1811495